000 00528nam a22001817a 4500
005 20140310183637.0
008 131204b xxu||||| |||| 00| 0 eng d
020 _a9710870777
050 _aQA 76.46
_b.P422 2010
100 _aPepito, Cecilio.
245 _aIntroduction to computer fundamentals & information technology /
_cCecilio Pepito.
260 _aPhilippines :
_bNational Bookstore,
_c2010.
300 _a316 p. :
_bill. ;
_c24 cm.
521 _aIT
650 _aComputer
942 _2lcc
_cBK
_kFOR
999 _c25736
_d25736